Most Populated City in Each County in Alabama - Statistics

General Stats
  • This quiz has been taken 47 times
  • The average score is 26 of 67
Answer Stats
County City Pop. City % Correct
Jefferson 197,575 Birmingham
96%
Limestone 216,963 Huntsville
96%
Madison 216,963 Huntsville
96%
Mobile 184,952 Mobile
96%
Montgomery 198,665 Montgomery
96%
Tuscaloosa 100,618 Tuscaloosa
91%
Morgan 57,804 Decatur
78%
Lauderdale 39,933 Florence
78%
Lee 78,564 Auburn
74%
Dale 71,175 Dothan
74%
Houston 71,175 Dothan
74%
Baldwin 28,777 Daphne
65%
Cullman 18,635 Cullman
61%
Dallas 17,625 Selma
61%
Talladega 15,621 Talladega
61%
Colbert 16,618 Muscle Shoals
52%
Russell 38,428 Phenix City
52%
Calhoun 21,157 Anniston
48%
Coffee 29,395 Enterprise
48%
Autauga 38,286 Prattville
48%
Elmore 38,286 Prattville
48%
Fayette 4,185 Fayette
43%
Geneva 4,185 Geneva
43%
Clarke 4,644 Jackson
43%
Shelby 33,676 Alabaster
39%
Marion 6,991 Hamilton
39%
Walker 14,354 Jasper
39%
Franklin 10,789 Russellville
39%
Pike 17,609 Troy
39%
Jackson 15,640 Scottsboro
35%
Marshall 22,522 Albertville
30%
Covington 8,715 Andalusia
30%
Choctaw 1,870 Butler
30%
Chilton 8,762 Clanton
30%
Winston 4,351 Haleyville
30%
Perry 3,178 Marion
30%
Cherokee 3,528 Centre
26%
Butler 7,263 Greenville
26%
Lawrence 3,358 Moulton
26%
Blount 6,805 Oneonta
26%
Tallapoosa 14,618 Alexander City
22%
Escambia 8,542 Atmore
22%
Marengo 7,009 Demopolis
22%
Barbour 12,675 Eufaula
22%
Conecuh 3,370 Evergreen
22%
Etowah 33,769 Gadsden
22%
Sumter 3,153 Livingston
22%
Monroe 5,841 Monroeville
22%
Randolph 5,279 Roanoke
22%
Macon 8,870 Tuskegee
22%
Dekalb 14,834 Fort Payne
17%
Cleburne 3,400 Heflin
17%
Bullock 3,314 Union Springs
17%
Chambers 10,513 Valley
17%
Lamar 1,874 Vernon
17%
Pickens 2,123 Aliceville
13%
Wilcox 1,832 Camden
13%
Washington 1,039 Chatom
13%
Greene 2,859 Eutaw
13%
Crenshaw 2,680 Luverne
13%
St. Clair 13,563 Moody
13%
Lowndes 1,194 Fort Deposit
9%
Coosa 1,281 Goodwater
9%
Henry 5,145 Headland
9%
Hale 3,072 Moundville
9%
Bibb 2,977 Brent
4%
Clay 2,474 Lineville
4%
No matching quizzes found
Score Distribution
Percent of People with Each Score
Percentile by Number Answered
Your Score History
You have not taken this quiz